[Event "WA State-ch"]
[Site "South Perth"]
[Date "2006.07.30"]
[Round "5"]
[White "Williams, William"]
[Black "Johnstone, Ray"]
[Result "0-1"]
[WhiteElo "640"]
[BlackElo "1666"]
[PlyCount "78"]
[EventDate "2006.07.02"]
[EventType "swiss"]
[EventRounds "9"]
[EventCountry "AUS"]
[SourceTitle "EXT 2008"]
[Source "ChessBase"]
[SourceDate "2007.11.25"]
[SourceVersion "1"]
[SourceVersionDate "2007.11.25"]
[SourceQuality "1"]

1. e4 e5 2. Nf3 Nc6 3. Bc4 Bc5 4. d3 d6 5. Ng5 Nh6 6. Qh5 0-0 7. Bxf7+ Rxf7 8. Nxf7 Nxf7 9. 0-0 Nd4 10. Nc3 Nxc2 11. Rb1 Be6 12. a3 c6 13. b4 Bb6 14. a4 Nd4 15. a5 Bc7 16. f4 exf4 17. Bxf4 Qd7 18. Be3 Bg4 19. Qh4 Ne2+ 20. Nxe2 Bxe2 21. Rf2 Bxd3 22. Rd1 Bb5 23. Rf3 Bd8 24. Qf2 Qe6 25. Bd4 Be7 26. Qg3 Ne5 27. Rf5 Bf6 28. Rd2 Qc4 29. Rdf2 Qc1+ 30. Rf1 Bxf1 31. Rxf1 Qh6 32. Be3 Qg6 33. Qh3 Qxe4 34. Qe6+ Kh8 35. Rxf6 Qxe3+ 36. Kf1 Qc1+ 37. Ke2 gxf6 38. Qxf6+ Kg8 39. Qe6+ Nf7 0-1

[Event "Perth Metro CC-chB"]
[Site "Perth"]
[Date "2006.03.09"]
[Round "5"]
[White "Taylor, K."]
[Black "Johnstone, Ray"]
[Result "0-1"]
[WhiteElo "1513"]
[BlackElo "1679"]
[PlyCount "44"]
[EventDate "2006.02.02"]
[EventType "tourn"]
[EventRounds "11"]
[EventCountry "AUS"]
[SourceTitle "EXT 2010"]
[Source "ChessBase"]
[SourceDate "2010.11.25"]
[SourceVersion "1"]
[SourceVersionDate "2010.11.25"]
[SourceQuality "1"]

1. d4 d5 2. c4 e5 3. dxe5 d4 4. Nf3 c5 5. g3 Nc6 6. Bg2 Nge7 7. 0-0 Ng6 8. Nbd2 Be6 9. b3 Be7 10. Ne4 Qc7 11. Nfg5 Bf5 12. f4 Qd7 13. Nd6+ Bxd6 14. exd6 h6 15. Ne4 b6 16. a3 0-0 17. e3 Rae8 18. Qd3 Qe6 19. Nf6+ Qxf6 20. e4 Bd7 21. e5 Ncxe5 22. fxe5 Qxe5 0-1

[Event "West Australia-ch"]
[Site "South Perth"]
[Date "2005.07.17"]
[Round "3"]
[White "Patron, Andrzej"]
[Black "Johnstone, Ray"]
[Result "0-1"]
[WhiteElo "1820"]
[BlackElo "1702"]
[PlyCount "62"]
[EventDate "2005.07.03"]
[EventType "swiss"]
[EventRounds "9"]
[EventCountry "AUS"]
[SourceTitle "EXT 2009"]
[Source "ChessBase"]
[SourceDate "2008.11.26"]
[SourceVersion "1"]
[SourceVersionDate "2008.11.26"]
[SourceQuality "1"]

1. d4 d5 2. c4 e5 3. dxe5 d4 4. e3 Bb4+ 5. Bd2 dxe3 6. fxe3 Qh4+ 7. g3 Qe4 8. Bxb4 Qxh1 9. Nf3 Bg4 10. Nbd2 Nc6 11. Bc3 0-0-0 12. Qc2 Nh6 13. 0-0-0 Rxd2 14. Nxd2 Bxd1 15. Qxd1 Qxh2 16. Qf3 Re8 17. Bg2 g6 18. b4 Qh5 19. g4 Qg5 20. Ne4 Nxe5 21. Nxg5 Nxf3 22. Bxf3 f5 23. Nxh7 Rxe3 24. Bd2 Rxf3 25. Bxh6 fxg4 26. Ng5 Rf1+ 27. Kd2 g3 28. Ne4 g2 29. Be3 g1Q 30. Bxg1 Rxg1 31. Ke2 Rb1 0-1